00395nam a2200157Ia 4500008004100000020001500041082001600056100002200072245003800094250000800132260002800140300001000168500002500178650001500203700001900218230524s9999 xx 000 0 und d a0195673905 a658.81bPAN aTapan Kumar Panda 0aSales and Distribution Management a6TH aNEW DELHIbOxfordc2009 aX;693 aQuantity Number: 22 aManagement a Sunil Sahadev